000 00323nam a2200121Ia 4500
005 20251222154438.0
008 251222s9999||||xx |||||||||||||| ||spa||
082 _a672/B53
100 _a"Biedermann, A.Hassekieff, L. M."
245 0 _aTratado moderno de fundición del Hierro y del acero
250 _a2a.ed.
942 _cLIB
999 _c36670
_d36670